| 000 | 00603nam a22002057a 4500 | ||
|---|---|---|---|
| 003 | OSt | ||
| 005 | 20160628145638.0 | ||
| 008 | 160628b xxu||||| |||| 00| 0 eng d | ||
| 020 | _a0761964894 | ||
| 040 | _cDNLM. | ||
| 082 | _a302.35HAN2001. | ||
| 100 |
_aEdited by Anderson,Neil;Ones,S.Denis;[et.....al] _99700 |
||
| 245 | _aHandbook of Industrial Work& Organizational Phychology: | ||
| 250 | _aVolume 2 | ||
| 260 |
_aLondon. _aNew Jersey. _bSage Publications. _c2001. |
||
| 300 |
_axxvii,480p; _bill; _c26cm. |
||
| 504 | _areferences and index. | ||
| 650 |
_aPhychology. _96563 |
||
| 942 |
_2z _cO_SHELF |
||
| 999 |
_c4525 _d4525 |
||